Statistics for Click to Translate - German Compound Words

Click here to take the quiz!

General Stats

  • This quiz has been taken 18 times
  • The average score is 8 of 10

Answer Stats

HintAnswer% Correct
Fingertip FeelingFingerspitzengefühl
100%
Workers’ Compensation ActArbeiterunfallverischerungsgesetz
93%
Friendship RelationshipsFreundschaftsbeziehungen
93%
555Fünfhundertfünfundfünfzig
93%
Domestic PartnerLebensabschnittsgefährte
71%
SlugNacktschnecke
71%
Food IntoleranceNahrungsmittelunverträglichkeit
64%
Ice SkatingSchlittschuhlaufen
64%
MatchboxStreichholzschächtelchen
57%
Declaration of IndependenceUnabhängigkeitserklärung
50%

Score Distribution

Percentile by Number Answered

Percent of People with Each Score

Your Score History

You have not taken this quiz